Elektronizácia verejnej správy

Úroveň poskytovania elektronických služieb pre občanov na Slovensku. Účel portálu verejnej správy.

Gespeichert in:
Bibliographische Detailangaben
1. Verfasser: Hrašková, Dagmar
Format: Buchkapitel
Sprache:Slowakisch
Schlagworte:
Tags: Tag hinzufügen
Keine Tags, Fügen Sie das erste Tag hinzu!

MARC

LEADER 00000naa a2200000 4500
001 0148177
005 20231208081943.9
041 0 |a slo 
044 |a SK 
245 1 0 |a Elektronizácia verejnej správy  |c Dagmar Hrašková 
520 |a Úroveň poskytovania elektronických služieb pre občanov na Slovensku. Účel portálu verejnej správy. 
610 2 0 |a elektronizácia 
610 2 0 |a Slovensko 
610 2 0 |a správa verejná 
610 2 0 |a správa verejná elektronická 
100 1 |a Hrašková, Dagmar